Estadísticas para Máximos goleadores de la Serie A 2020-2021

Haz click aquí para intentar la prueba.

Estadísticas generales

  • Esta prueba ha sido intentada 16 veces
  • La puntuación promedio es 7 de 10

Estadísticas de respuestas

GolesNacionalidadEquipoJugador% Correcto
29PortugalJuventus F. C.Cristiano Ronaldo
100%
24BélgicaF. C. InternazionaleRomelu Lukaku
100%
20ItaliaS. S. LazioCiro Immobile
93%
22ColombiaAtalanta B. C.Luis Muriel
93%
17ArgentinaF. C. InternazionaleLautaro Martínez
87%
21SerbiaA. C. FiorentinaDušan Vlahović
80%
17ItaliaU. S. SassuoloDomenico Berardi
67%
19ItaliaS. S. C. NapoliLorenzo Insigne
67%
16BrasilCagliariJoão Pedro
40%
20NigeriaF. C. CrotoneSimeon Nwankwo
7%

Distribución de puntuación

Porcentaje por número respondido

Porcentaje de gente con cada puntuación

Historial de tus puntuaciones

No has intentado esta prueba.